Catalog

Record Details

Catalog Search



Available copies

  • 0 of 2 copies available at LARL/NWRL Consortium.
  • 0 of 2 copies available at Lake Agassiz Regional Library. (Show preferred library)

Current holds

0 current holds with 2 total copies.

Show All Copies
Location Call Number / Copy Notes Barcode Shelving Location Status Due Date

Record details

  • ISBN: 1420536672
  • ISBN: 9781420536676
  • Edition: Large print.
  • Publisher: [S.l.] : MACMILLAN REFERENCE USA, 2026
LDR 00547cam a2200193M 4500
001482948
003LARL_NWRL_CONSORTIUM
00520260318211709.0
008260311s2026 xx d 0|| 0 eng d
040 . ‡aYDX ‡beng ‡cYDX ‡dOCLCO
020 . ‡a1420536672
020 . ‡a9781420536676
035 . ‡a(OCoLC)1578143506
1001 . ‡aBASHAM, PEPPER.
24510. ‡aHIGHLAND HEIST.
250 . ‡aLarge print.
260 . ‡a[S.l.] : ‡bMACMILLAN REFERENCE USA, ‡c2026
263 . ‡a07/29/2026 ‡b2026-07-29 ‡c2026-07
4900 . ‡aFreddie and Grace
905 . ‡uvanderl
901 . ‡a482948 ‡bAUTOGEN ‡c482948 ‡tbiblio ‡soclc

Additional Resources